000 00906cam a22002531 4500
001 gs 49000047
003 DLC
005 20260227111354.0
008 761116s1948 txu 000 0 eng
010 _ags 49000047
035 _a(OCoLC)2560851
040 _aDLC
_cTx
_dOCoLC
_dDLC
042 _apremarc
050 0 0 _aGB1025.T4
_bA5 1948
110 2 _aTexas Water Commission.
245 1 0 _aGround-water resources of Wharton County, Texas,
_cby Jack R. Barnes. Prepared in cooperation with the United States Dept. of the Interior, Geological Survey.
260 _a[Austin?]
_c1948.
300 _a80 l.
_b2 fold. plates, 2 maps (1fold.)
_c27 cm.
500 _aU.S. Geological Survey. Library for Library of Congress.
650 0 _aGroundwater
_zTexas
_zWharton County.
650 0 _aWater-supply
_zTexas
_zWharton County.
700 1 _aBarnes, Jack Rich,
_d1921-
710 2 _aGeological Survey (U.S.)
999 _c28335
_d28335